MARC

LEADER 00000nlm0a2200000 4500
001 155787
005 20231101221848.0
035 |a (RuTPU)RU\TPU\book\168968 
090 |a 155787 
100 |a 20090319d2008 k y0rusy50 ca 
101 0 |a rus 
102 |a RU 
105 |a y l 000zy 
135 |a vocna---uucaa 
181 0 |a i  
182 0 |a b 
200 1 |a Универсальная десятичная классификация  |b Электронный ресурс  |h Вып. 2: Изменения и Дополнения  |f Российская академия наук (РАН), Всероссийский институт научной и технической информации (ВИНИТИ) 
203 |a Текст  |c электронный 
205 |a Полное 4-е изд. на русском языке 
210 |a Москва  |c ВИНИТИ РАН  |d 2008 
215 |a 1 Мультимедиа CD-ROM 
230 |a Мультимедиа ресурсы (10 директорий; 100 файлов; 740MB) 
337 |a Pentium 100 MHz, 16 Mb RAM, Windows 95/98/NT/2000, CDROM, SVGA, звуковая карта, Internet Explorer 5.0 и выше 
606 1 |a Универсальная десятичная классификация  |x УДК  |2 stltpush  |3 (RuTPU)RU\TPU\subj\63046  |9 80094 
610 1 |a библиотеки 
610 1 |a библиотечное дело 
610 1 |a библиотечные каталоги 
610 1 |a систематические каталоги 
610 1 |a библиотечная классификация 
610 1 |a изменения 
610 1 |a CD-ROM 
686 |a Ч736.241.21(0)2  |v LBC/SL-A  |2 rubbk 
712 0 2 |a Российская академия наук (РАН)  |b Всероссийский институт научной и технической информации (ВИНИТИ)  |c (Москва)  |2 stltpush  |3 (RuTPU)RU\TPU\col\2925 
801 1 |a RU  |b 63413507  |c 20090319  |g PSBO 
801 2 |a RU  |b 63413507  |c 20121205  |g PSBO 
942 |c CF